000 00462nam a2200181Ia 4500
008 090123s9999 xx 000 0 und d
082 _b28555
100 _aपै शिरीष
245 _aकोलाज
250 _a1
260 _bमेहता प्रकाशन
_c1998
300 _a132
600 _aपै शिरीष
630 _aकोलाज
700 _aपै शिरीष
730 _aकोलाज
942 _cBOOK
999 _c67090
_d67090